00370nam a2200145Ia 450000500170000000800410001702000180005808200130007624500580008926000280014730000120017565000120018765000080019965000170020720240604005441.0240331s9999 xx 000 0 und d a9789380536156 bAYOa345 0aOn the Ayodhya Judgement of the Allahabad High Court  aNew DelhibSAHMATc2010 a64 p ., aHistory aLaw aHuman rights